00421pab a2200133 454500008004000000100001500040245012000055260000900175300001500184362001200199650001200211700002500223773003900248180718b2013 xxu||||| |||| 00| 0 eng d aMadhu Bala aThe multiplier effects of the tourism industry: Validating the hypotheses of tourism led employment growth in India c2013 ap.295-308. aApr-Jun aTourism aKulshrestha, Manisha aIndian Journal of Labour Economics